[Event "FIDE WCC Blitz Women 2019"]
[Site "Moscow"]
[Date "2019.12.29"]
[Round "2.6"]
[White "Gevorgyan, Maria"]
[Black "Stefanova, Antoaneta"]
[Result "1-0"]
[WhiteElo "2244"]
[BlackElo "2452"]
[Annotator "ChessBase"]
[PlyCount "153"]
[EventDate "2019.12.29"]
[EventType "swiss"]
[EventCountry "RUS"]
[SourceTitle "playchess.com"]
[Source "ChessBase"]
[SourceQuality "1"]

1. e4 e5 2. Nf3 Nc6 3. d4 exd4 4. Nxd4 Qf6 5. Nf3 Bb4+ 6. c3 Bc5 7. Bg5 Qg6 8. Qd5 d6 9. Nh4 Qe6 10. Nf5 Qxd5 11. Nxg7+ Kf8 12. exd5 Kxg7 13. dxc6 bxc6 14. Be2 a5 15. Nd2 Rb8 16. b3 d5 17. O-O Nf6 18. Bd3 h6 19. Bh4 Bd6 20. Rac1 c5 21. Rfe1 Be6 22. Nf1 a4 23. Bc2 axb3 24. axb3 Ra8 25. Ne3 Rhb8 26. Red1 Bf4 27. Rb1 c6 28. Nf5+ Bxf5 29. Bxf5 Ra2 30. Rd3 c4 31. Rf3 Be5 32. b4 Ra3 33. Bg3 Re8 34. h4 Bxc3 35. Bd6 d4 36. b5 Ra5 37. bxc6 d3 38. c7 Rxf5 39. Rxf5 d2 40. Kh2 Ne4 41. Bf4 Rc8 42. f3 Nf2 43. Kg3 d1=Q 44. Rxd1 Nxd1 45. Rc5 Nb2 46. Rb5 Nd3 47. Rb8 Be1+ 48. Kg4 h5+ 49. Kf5 Rxc7 50. Bxc7 c3 51. Rc8 c2 52. Be5+ Nxe5 53. Kxe5 Bxh4 54. Rxc2 Kg6 55. Rc6+ f6+ 56. Kf4 Bg5+ 57. Ke4 Bd2 58. g3 Be1 59. g4 hxg4 60. fxg4 Kg5 61. Kf3 Bd2 62. Rc5+ Kg6 63. Rd5 Bc1 64. Ke4 Bb2 65. Rd8 Bc1 66. Rg8+ Kf7 67. Rc8 Bb2 68. Kf5 Kg7 69. Rc2 Bd4 70. Rc7+ Kh6 71. Rf7 Bc3 72. Rxf6+ Bxf6 73. Kxf6 Kh7 74. g5 Kg8 75. Kg6 Kh8 76. Kf7 Kh7 77. g6+ 1-0

[Event "FIDE WCC Blitz Women 2019"]
[Site "Moscow"]
[Date "2019.12.29"]
[Round "2.7"]
[White "Zhukova, Natalia"]
[Black "Dzagnidze, Nana"]
[Result "1-0"]
[WhiteElo "2239"]
[BlackElo "2432"]
[Annotator "NA"]
[PlyCount "95"]
[EventDate "2019.12.29"]
[EventType "swiss"]
[EventCountry "RUS"]
[SourceTitle "playchess.com"]
[Source "ChessBase"]
[SourceQuality "1"]

1. c4 e5 2. Nc3 Nc6 3. Nf3 d6 4. d4 exd4 5. Nxd4 Be7 6. e4 Nxd4 7. Qxd4 Bf6 8. Qd2 Ne7 9. Be2 O-O 10. O-O Re8 11. b3 Nc6 12. Bb2 Bxc3 13. Qxc3 f6 14. Bd3 Qe7 15. f4 Be6 16. Rae1 a5 17. a3 Bf7 18. b4 axb4 19. axb4 b6 20. Kh1 Ra7 21. h3 Ra4 22. c5 Rxb4 23. cxd6 Qxd6 24. e5 Qc5 25. exf6 Qxc3 26. Rxe8+ Bxe8 27. Bxc3 gxf6 28. Bxb4 Nxb4 29. Bc4+ Bf7 30. Rc1 c5 31. Kg1 Na2 32. Bxf7+ Kxf7 33. Rb1 Nb4 34. Kf2 Ke6 35. Ke3 Kd5 36. g4 b5 37. g5 fxg5 38. fxg5 Nc2+ 39. Kd2 Nd4 40. Ke3 Ke5 41. h4 Nf5+ 42. Kd3 Nxh4 43. Rxb5 Kd5 44. Rb7 Nf3 45. Rxh7 Ke5 46. g6 Kf6 47. Rf7+ Kxg6 48. Rxf3 1-0

[Event "FIDE WCC Blitz Women 2019"]
[Site "Moscow"]
[Date "2019.12.29"]
[Round "2.8"]
[White "Ushenina, Anna"]
[Black "Druzhinina Olga (RUS)"]
[Result "0-1"]
[WhiteElo "2424"]
[BlackElo "2245"]
[Annotator "NA"]
[PlyCount "160"]
[EventDate "2019.12.29"]
[EventType "swiss"]
[EventCountry "RUS"]
[SourceTitle "playchess.com"]
[Source "ChessBase"]
[SourceQuality "1"]

1. d4 Nf6 2. Nf3 g6 3. Nbd2 d5 4. b4 Bg7 5. e3 a5 6. b5 c5 7. bxc6 bxc6 8. Ba3 O-O 9. Be2 Na6 10. O-O Re8 11. Ne5 Qc7 12. Nd3 Nd7 13. f4 c5 14. c3 Bb7 15. Rb1 e6 16. Ne5 Reb8 17. Nxd7 Qxd7 18. Nf3 Qc7 19. Ne5 f6 20. Nd3 Bf8 21. Bg4 Kf7 22. h4 c4 23. Bxf8 Rxf8 24. Ne1 Bc6 25. h5 Rh8 26. Rf2 Nb8 27. Rfb2 Nd7 28. Nf3 Rab8 29. Qc2 Rxb2 30. Rxb2 Rb8 31. Rxb8 Qxb8 32. Nh4 Nf8 33. g3 a4 34. Qc1 Qb7 35. Bd1 a3 36. hxg6+ hxg6 37. Qd2 Qb1 38. Nf3 Ba4 39. f5 gxf5 40. Ne1 Qxd1 41. Qf2 Ng6 42. Kg2 Qc1 43. Nf3 Qb2 44. Nd2 Bd1 45. Qe1 Qc2 46. Kg1 Bg4 47. Nb1 Qd1 48. Qxd1 Bxd1 49. Nxa3 Ba4 50. Nb1 Ne7 51. Nd2 Nc6 52. Kf2 Na7 53. Ke2 Nb5 54. Nb1 Bc2 55. Nd2 Nxc3+ 56. Ke1 Nxa2 57. Nf3 c3 58. Ng1 Nb4 59. Ne2 Nd3+ 60. Kf1 Ke7 61. Nxc3 Kd7 62. Ke2 Kc6 63. Kd2 Nb4 64. Ne2 Be4 65. Nf4 e5 66. Nh5 exd4 67. exd4 Kd6 68. Nxf6 Nc6 69. Ke3 Ke6 70. Nh5 Kf7 71. Nf4 Kf6 72. Nh3 Nb4 73. Kd2 Nc2 74. Kc3 Ne1 75. Nf2 Kg5 76. Kb4 Nd3+ 77. Nxd3 Bxd3 78. Kc5 Be4 79. Kd6 Kg4 80. Ke5 Kxg3 0-1

[Event "FIDE WCC Blitz Women 2019"]
[Site "Moscow"]
[Date "2019.12.29"]
[Round "2.9"]
[White "Galliamova, Alisa"]
[Black "Injac, Teodora"]
[Result "1/2-1/2"]
[WhiteElo "2415"]
[BlackElo "2236"]
[Annotator "NA"]
[PlyCount "150"]
[EventDate "2019.12.29"]
[EventType "swiss"]
[EventCountry "RUS"]
[SourceTitle "playchess.com"]
[Source "ChessBase"]
[SourceQuality "1"]

1. d4 Nf6 2. c4 g6 3. g3 Bg7 4. Bg2 O-O 5. Nf3 d6 6. O-O Nc6 7. Nc3 Bf5 8. Re1 Ne4 9. Nh4 Nxc3 10. bxc3 Bd7 11. Rb1 Rb8 12. Nf3 Na5 13. Qd3 b6 14. Nd2 c5 15. Nb3 Nc6 16. e4 e5 17. f4 exd4 18. cxd4 Nxd4 19. Nxd4 Bxd4+ 20. Be3 Bxe3+ 21. Rxe3 Bc6 22. Rd1 Qe8 23. Rd2 Rd8 24. Re1 Qe6 25. e5 Bxg2 26. Kxg2 dxe5 27. Qxd8 Rxd8 28. Rxd8+ Kg7 29. fxe5 Qxc4 30. Rd2 Qe6 31. Ree2 c4 32. Rd6 Qf5 33. e6 fxe6 34. Rdxe6 c3 35. Re7+ Kh6 36. Rc7 Qd5+ 37. Kf2 Qd4+ 38. Kg2 Qd5+ 39. Kf2 Qd4+ 40. Kg2 b5 41. h4 Qd5+ 42. Kh2 b4 43. Ree7 Kh5 44. Rxh7+ Kg4 45. Rhd7 Qg8 46. Rd4+ Kh5 47. Rxb4 Qxa2+ 48. Kh3 Qe6+ 49. g4+ Kh6 50. Rxc3 a5 51. Rb7 a4 52. Ra7 Qg8 53. Rxa4 Qd5 54. Ra1 Qd4 55. Rac1 Qf2 56. R1c2 Qf1+ 57. Kg3 Qe1+ 58. Kf4 Qxh4 59. Rc7 Qg5+ 60. Kf3 Qd5+ 61. Kg3 Qe5+ 62. Kg2 Qe4+ 63. Kg3 Qe5+ 64. Kf3 Qd5+ 65. Ke3 Qe5+ 66. Kd3 Qg3+ 67. Kd2 Qxg4 68. Kc1 Qg1+ 69. Kb2 Qb6+ 70. Ka2 Qa5+ 71. Kb1 Qb4+ 72. Kc1 Qf4+ 73. Kb1 Qb4+ 74. Kc1 Qe1+ 75. Kb2 Qb4+ 1/2-1/2

[Event "FIDE WCC Blitz Women 2019"]
[Site "Moscow"]
[Date "2019.12.29"]
[Round "2.10"]
[White "Arabidze, Meri"]
[Black "Dordzhieva, Dinara"]
[Result "1/2-1/2"]
[WhiteElo "2412"]
[BlackElo "2222"]
[Annotator "NA"]
[PlyCount "55"]
[EventDate "2019.12.29"]
[EventType "swiss"]
[EventCountry "RUS"]
[SourceTitle "playchess.com"]
[Source "ChessBase"]
[SourceQuality "1"]

1. Nf3 Nf6 2. c4 e6 3. b3 d5 4. Bb2 Be7 5. e3 O-O 6. Be2 c5 7. cxd5 Nxd5 8. O-O Nc6 9. Nc3 Nxc3 10. Bxc3 b6 11. Rc1 Bb7 12. Qc2 Bf6 13. Rfd1 Rc8 14. Qb2 Bxc3 15. Rxc3 Qe7 16. d4 cxd4 17. Nxd4 Nxd4 18. Rxd4 Rxc3 19. Qxc3 Rd8 20. h3 Rxd4 21. Qxd4 h6 22. f3 Qg5 23. Kf2 Qd5 24. Qxd5 Bxd5 25. e4 Bc6 26. Ke3 e5 27. Bc4 Kf8 28. h4 1/2-1/2

[Event "FIDE WCC Blitz Women 2019"]
[Site "Moscow"]
[Date "2019.12.29"]
[Round "2.11"]
[White "Paramzina, Anastasya"]
[Black "Saduakassova, Dinara"]
[Result "0-1"]
[WhiteElo "2203"]
[BlackElo "2390"]
[Annotator "NA"]
[PlyCount "96"]
[EventDate "2019.12.29"]
[EventType "swiss"]
[EventCountry "RUS"]
[SourceTitle "playchess.com"]
[Source "ChessBase"]
[SourceQuality "1"]

1. e4 e5 2. Nf3 Nc6 3. Bc4 Bc5 4. O-O Nf6 5. d3 O-O 6. h3 a5 7. c3 d5 8. exd5 Nxd5 9. Re1 Nb6 10. Bb3 a4 11. Bc2 Re8 12. Nbd2 Bf5 13. Ne4 Bf8 14. Be3 Bxe4 15. dxe4 Nc4 16. Rb1 Qxd1 17. Rexd1 Nxe3 18. fxe3 Bc5 19. Kf2 Red8 20. Rd5 Rxd5 21. exd5 Ne7 22. c4 f6 23. Ke2 b6 24. Nd2 f5 25. g4 g6 26. gxf5 gxf5 27. Rg1+ Kf7 28. Nf3 Kf6 29. h4 h6 30. h5 Rg8 31. Rxg8 Nxg8 32. Bxa4 Ne7 33. Be8 e4 34. Nd2 Nc8 35. a3 Bd6 36. b4 Kg5 37. Nb3 Ne7 38. c5 bxc5 39. bxc5 Be5 40. Bf7 f4 41. exf4+ Kxf4 42. Nd2 Nf5 43. Nc4 Ng3+ 44. Kd1 e3 45. d6 e2+ 46. Kc2 cxd6 47. c6 e1=Q 48. c7 Qc3+ 0-1

[Event "FIDE WCC Blitz Women 2019"]
[Site "Moscow"]
[Date "2019.12.29"]
[Round "2.12"]
[White "Cramling, Pia"]
[Black "Gvetadze, Sofio"]
[Result "0-1"]
[WhiteElo "2383"]
[BlackElo "2202"]
[Annotator "NA"]
[PlyCount "77"]
[EventDate "2019.12.29"]
[EventType "swiss"]
[EventCountry "RUS"]
[SourceTitle "playchess.com"]
[Source "ChessBase"]
[SourceQuality "1"]

1. Nf3 Nf6 2. c4 g6 3. Nc3 Bg7 4. e4 d6 5. d4 O-O 6. Be2 c6 7. O-O Qc7 8. Rb1 Nbd7 9. Be3 e5 10. d5 c5 11. Nd2 a6 12. a3 h6 13. b4 Nh7 14. Nb3 b6 15. Qd2 g5 16. bxc5 bxc5 17. Bg4 Ndf6 18. Bxc8 Rfxc8 19. Qe2 Nf8 20. Bd2 Ng6 21. g3 Rab8 22. Rb2 Rb7 23. Rfb1 Rcb8 24. Kg2 Nd7 25. Na4 Ndf8 26. Na5 Rxb2 27. Rxb2 Rxb2 28. Nxb2 Qb6 29. Bc3 Bf6 30. h3 Kg7 31. Qc2 h5 32. Na4 Qd8 33. Nc6 Qd7 34. Qb2 h4 35. Qb8 g4 36. Nb6 gxh3+ 37. Kh2 Qg4 38. Qc8 Qf3 39. Na4 0-1

[Event "FIDE WCC Blitz Women 2019"]
[Site "Moscow"]
[Date "2019.12.29"]
[Round "2.13"]
[White "Bivol, Alina"]
[Black "Sargsyan, Anna"]
[Result "0-1"]
[WhiteElo "2186"]
[BlackElo "1708"]
[Annotator "NA"]
[PlyCount "58"]
[EventDate "2019.12.29"]
[EventType "swiss"]
[EventCountry "RUS"]
[SourceTitle "playchess.com"]
[Source "ChessBase"]
[SourceQuality "1"]

1. c4 c6 2. d4 d5 3. cxd5 cxd5 4. Nc3 e5 5. dxe5 d4 6. Ne4 Qa5+ 7. Bd2 Qxe5 8. Ng3 Nc6 9. Nf3 Qd5 10. e4 dxe3 11. Bxe3 Bb4+ 12. Bd2 Nf6 13. Bxb4 Nxb4 14. Qa4+ Nc6 15. Bc4 Qc5 16. O-O O-O 17. Rac1 Qb6 18. Bb3 Bg4 19. Qf4 Rad8 20. Rfd1 Bxf3 21. Qxf3 Nd4 22. Qc3 Ne4 23. Qc7 Nxg3 24. hxg3 Ne2+ 25. Kf1 Nxc1 26. Bxf7+ Kh8 27. Rxd8 Rxd8 28. Qxc1 Rf8 29. Qc4 Qf6 0-1

[Event "FIDE WCC Blitz Women 2019"]
[Site "Moscow"]
[Date "2019.12.29"]
[Round "2.14"]
[White "Paehtz, Elisabeth"]
[Black "Hejazipour, Mitra"]
[Result "1-0"]
[WhiteElo "2380"]
[BlackElo "2191"]
[Annotator "NA"]
[PlyCount "91"]
[EventDate "2019.12.29"]
[EventType "swiss"]
[EventCountry "RUS"]
[SourceTitle "playchess.com"]
[Source "ChessBase"]
[SourceQuality "1"]

1. d4 Nf6 2. Nf3 e6 3. Bf4 d5 4. e3 Bd6 5. Bg3 c5 6. Nbd2 Qc7 7. dxc5 Bxg3 8. hxg3 Qxc5 9. c4 Nc6 10. Rc1 d4 11. exd4 Nxd4 12. Bd3 h6 13. Nxd4 Qxd4 14. Qc2 Qe5+ 15. Be2 Bd7 16. Nf3 Qa5+ 17. Qc3 Qxc3+ 18. Rxc3 Bc6 19. O-O Ke7 20. Ne5 Be4 21. f3 Bh7 22. Kf2 Rac8 23. Rd1 Rhd8 24. Rxd8 Rxd8 25. Rb3 Rd2 26. Rxb7+ Kd6 27. f4 Ne4+ 28. Ke3 f6 29. Rd7+ Kc5 30. Rxd2 Nxd2 31. Nd7+ Kd6 32. Kxd2 Kxd7 33. Bf3 a5 34. Kc3 Kd6 35. b3 e5 36. fxe5+ fxe5 37. Bd5 Bb1 38. a3 Kc5 39. b4+ axb4+ 40. axb4+ Kd6 41. Ba8 Ba2 42. Be4 g5 43. c5+ Kc7 44. b5 Be6 45. b6+ Kb8 46. c6 1-0

[Event "FIDE WCC Blitz Women 2019"]
[Site "Moscow"]
[Date "2019.12.29"]
[Round "2.15"]
[White "Khomeriki, Nino"]
[Black "Bodnaruk, Anastasia"]
[Result "1/2-1/2"]
[WhiteElo "2177"]
[BlackElo "2375"]
[Annotator "NA"]
[PlyCount "115"]
[EventDate "2019.12.29"]
[EventType "swiss"]
[EventCountry "RUS"]
[SourceTitle "playchess.com"]
[Source "ChessBase"]
[SourceQuality "1"]

1. d4 Nf6 2. c4 g6 3. Nf3 Bg7 4. g3 O-O 5. Bg2 d6 6. Nc3 Nc6 7. O-O a6 8. Bf4 Rb8 9. Rc1 h6 10. d5 e5 11. dxc6 exf4 12. cxb7 Bxb7 13. gxf4 Bxf3 14. Bxf3 Rxb2 15. Rc2 Rb8 16. Qd3 Nd7 17. Ne4 Qh4 18. e3 Kh7 19. Bg2 f5 20. Nd2 Nc5 21. Qd5 Qe7 22. Nf3 Rb6 23. Nd4 Qd7 24. Rd1 Rc8 25. Nc6 Na4 26. Ne5 Qe8 27. Nf3 Nc3 28. Rxc3 Bxc3 29. c5 Rb5 30. Qd3 Rxc5 31. Nh4 Bf6 32. Nf3 Qb5 33. Qa3 Rb8 34. h4 h5 35. Kh2 a5 36. Re1 Qb4 37. Qd3 Qc3 38. Qa6 Qc2 39. Kg3 Rb2 40. Rf1 Rb8 41. Qa7 Re8 42. Qb7 Qxa2 43. Kh3 a4 44. Qa6 a3 45. Qa4 Qb2 46. Qxe8 a2 47. Qf7+ Kh8 48. Qf8+ Kh7 49. Qf7+ Kh8 50. Qf8+ Kh7 51. Qf7+ Kh8 52. Qe8+ Kg7 53. Qd7+ Kg8 54. Qe8+ Kg7 55. Qd7+ Kg8 56. Qe8+ Kg7 57. Qd7+ Kg8 58. Qe8+ 1/2-1/2

[Event "FIDE WCC Blitz Women 2019"]
[Site "Moscow"]
[Date "2019.12.29"]
[Round "2.16"]
[White "Gunina, Valentina"]
[Black "Sgircea, Silvia-Raluca"]
[Result "1-0"]
[WhiteElo "2366"]
[BlackElo "2154"]
[Annotator "NA"]
[PlyCount "69"]
[EventDate "2019.12.29"]
[EventType "swiss"]
[EventCountry "RUS"]
[SourceTitle "playchess.com"]
[Source "ChessBase"]
[SourceQuality "1"]

1. d4 d5 2. c4 dxc4 3. e3 e5 4. Bxc4 exd4 5. exd4 Nf6 6. Nf3 Bd6 7. Qe2+ Qe7 8. Qxe7+ Bxe7 9. O-O O-O 10. Bf4 Bd6 11. Ne5 Bf5 12. Nc3 Nbd7 13. Rfe1 Nb6 14. Bb3 Rad8 15. h3 c6 16. Bg5 Bg6 17. Re2 Bc7 18. Rd1 Rfe8 19. Rde1 Rf8 20. Ng4 Nbd7 21. d5 h6 22. Bh4 h5 23. Nxf6+ Nxf6 24. dxc6 bxc6 25. Re7 Bb6 26. Na4 Rd2 27. Nxb6 axb6 28. Rb7 Rxb2 29. Rxb6 Rd2 30. Rxc6 Ne4 31. Rxg6 Nc5 32. Rg3 Nxb3 33. axb3 g6 34. Bf6 Rb8 35. Rge3 1-0

[Event "FIDE WCC Blitz Women 2019"]
[Site "Moscow"]
[Date "2019.12.29"]
[Round "2.17"]
[White "Muzychuk, Mariya"]
[Black "Goltseva, Ekaterina"]
[Result "1/2-1/2"]
[WhiteElo "2344"]
[BlackElo "2143"]
[Annotator "NA"]
[PlyCount "99"]
[EventDate "2019.12.29"]
[EventType "swiss"]
[EventCountry "RUS"]
[SourceTitle "playchess.com"]
[Source "ChessBase"]
[SourceQuality "1"]

1. e4 e5 2. Nf3 Nc6 3. d4 exd4 4. Nxd4 Bb4+ 5. c3 Bc5 6. Be3 Bb6 7. Nf5 g6 8. Bxb6 axb6 9. Ne3 Nf6 10. f3 Qe7 11. Bc4 d6 12. O-O O-O 13. Nd2 Be6 14. Nd5 Bxd5 15. exd5 Ne5 16. Re1 Qd8 17. Bb3 Nd3 18. Re3 Nc5 19. c4 Re8 20. Qe2 Qd7 21. Bc2 Rxe3 22. Qxe3 Re8 23. Qd4 Qe7 24. b4 Ncd7 25. Ne4 Nxe4 26. Bxe4 Qe5 27. Qxe5 Nxe5 28. Rc1 Ra8 29. f4 Ng4 30. Rc2 Ra4 31. Rb2 Ne3 32. Bd3 Ra3 33. Be2 Rc3 34. Rb3 Rxb3 35. axb3 Nc2 36. b5 Nd4 37. Bd1 Kg7 38. Kf2 Nf5 39. g4 Ne7 40. Ke3 h6 41. h4 Kf6 42. b4 c6 43. bxc6 bxc6 44. Bf3 c5 45. b5 Ng8 46. Be4 Ke7 47. Kf3 Nf6 48. Bd3 Kf8 49. g5 hxg5 50. hxg5 1/2-1/2

[Event "FIDE WCC Blitz Women 2019"]
[Site "Moscow"]
[Date "2019.12.29"]
[Round "2.18"]
[White "Girya, Olga"]
[Black "Shumilina, Alexandra"]
[Result "1-0"]
[WhiteElo "2337"]
[BlackElo "2139"]
[Annotator "NA"]
[PlyCount "65"]
[EventDate "2019.12.29"]
[EventType "swiss"]
[EventCountry "RUS"]
[SourceTitle "playchess.com"]
[Source "ChessBase"]
[SourceQuality "1"]

1. d4 d5 2. c4 c6 3. Nf3 Nf6 4. e3 a6 5. Bd3 b5 6. cxd5 cxd5 7. a4 b4 8. O-O e6 9. Nbd2 Be7 10. Nb3 Nbd7 11. Qe2 O-O 12. Bd2 Ne4 13. Rfc1 Bb7 14. Be1 a5 15. Nfd2 Qb6 16. f3 Nxd2 17. Qxd2 Rfc8 18. Bf2 g6 19. Qe2 Rxc1+ 20. Rxc1 Rc8 21. Rxc8+ Bxc8 22. e4 Bb7 23. Bb5 Nf6 24. e5 Nh5 25. Qc2 Ba6 26. Qc6 Qxc6 27. Bxc6 Bd8 28. Nc5 Bc8 29. Be3 f6 30. g4 Ng7 31. f4 h5 32. h3 Kf7 33. Kf2 1-0

[Event "FIDE WCC Blitz Women 2019"]
[Site "Moscow"]
[Date "2019.12.29"]
[Round "2.19"]
[White "Yakimova, Mariya"]
[Black "Heinemann, Josefine"]
[Result "0-1"]
[WhiteElo "2128"]
[BlackElo "2325"]
[Annotator "NA"]
[PlyCount "114"]
[EventDate "2019.12.29"]
[EventType "swiss"]
[EventCountry "RUS"]
[SourceTitle "playchess.com"]
[Source "ChessBase"]
[SourceQuality "1"]

1. d4 Nf6 2. c4 g6 3. g3 c6 4. Nf3 Bg7 5. Bg2 O-O 6. O-O d5 7. cxd5 cxd5 8. Ne5 Ne4 9. Nc3 Nxc3 10. bxc3 Nc6 11. Nxc6 bxc6 12. Qa4 Qb6 13. Bf4 Qa6 14. Qb4 Re8 15. e4 dxe4 16. Bxe4 Be6 17. Rfd1 Rac8 18. Bd3 Qb6 19. Qxb6 axb6 20. Ba6 Ra8 21. Bb7 Rxa2 22. Rxa2 Bxa2 23. Bxc6 Rc8 24. Ra1 Rxc6 25. Rxa2 f5 26. Ra3 Kf7 27. Kf1 b5 28. Rb3 h6 29. Ke2 b4 30. cxb4 Bxd4 31. Bxh6 Bb6 32. Be3 e5 33. Bxb6 Rxb6 34. Kd3 Ke6 35. Kc4 Rc6+ 36. Kb5 Rc2 37. Ka6 Ra2+ 38. Kb7 Rxf2 39. h4 e4 40. b5 Rf3 41. Rb1 Rxg3 42. b6 Rh3 43. Kc8 Rxh4 44. b7 Rh8+ 45. Kc7 f4 46. Rb6+ Kf5 47. b8=Q Rxb8 48. Rxb8 e3 49. Re8 Kg4 50. Kd6 Kf3 51. Kc5 g5 52. Kd4 g4 53. Kd3 g3 54. Rg8 g2 55. Rg6 Kf2 56. Rg4 f3 57. Rg5 e2 0-1

[Event "FIDE WCC Blitz Women 2019"]
[Site "Moscow"]
[Date "2019.12.29"]
[Round "2.20"]
[White "Komiagina, Maria"]
[Black "Assaubayeva, Bibisara"]
[Result "0-1"]
[WhiteElo "2106"]
[BlackElo "2323"]
[Annotator "NA"]
[PlyCount "92"]
[EventDate "2019.12.29"]
[EventType "swiss"]
[EventCountry "RUS"]
[SourceTitle "playchess.com"]
[Source "ChessBase"]
[SourceQuality "1"]

1. e4 e5 2. Nf3 Nc6 3. Bb5 a6 4. Ba4 Nf6 5. d3 d6 6. h3 g6 7. c4 Bg7 8. Nc3 O-O 9. O-O Bd7 10. Nd5 Nxd5 11. cxd5 Ne7 12. Bxd7 Qxd7 13. Bd2 c6 14. dxc6 Nxc6 15. Rc1 d5 16. Qe2 dxe4 17. dxe4 Nd4 18. Nxd4 exd4 19. Qd3 Rfe8 20. Rfd1 Qe6 21. Rc7 b5 22. Rdc1 Qxe4 23. Qxe4 Rxe4 24. Rc8+ Re8 25. Rxa8 Rxa8 26. Rc6 h5 27. Kf1 d3 28. Rd6 Bxb2 29. Rxd3 Bf6 30. Rd6 Kg7 31. Ke2 a5 32. Rd5 b4 33. Rb5 Bd4 34. f3 Kf6 35. Kd3 Be5 36. Ke4 Bd6 37. Rb6 Ke7 38. Bg5+ Kd7 39. Bd2 Kc7 40. Rb5 Kc6 41. Rg5 a4 42. Kd3 b3 43. axb3 a3 44. Bc3 a2 45. Kc4 a1=Q 46. Bxa1 Rxa1 0-1

[Event "FIDE WCC Blitz Women 2019"]
[Site "Moscow"]
[Date "2019.12.29"]
[Round "2.21"]
[White "Mammadzada, Gunay"]
[Black "Semenova, Elena"]
[Result "1-0"]
[WhiteElo "2314"]
[BlackElo "2114"]
[Annotator "NA"]
[PlyCount "81"]
[EventDate "2019.12.29"]
[EventType "swiss"]
[EventCountry "RUS"]
[SourceTitle "playchess.com"]
[Source "ChessBase"]
[SourceQuality "1"]

1. e4 e5 2. Nf3 Nc6 3. Bb5 a6 4. Ba4 b5 5. Bb3 Na5 6. O-O Nxb3 7. axb3 d6 8. d4 Nf6 9. dxe5 dxe5 10. Qxd8+ Kxd8 11. Nxe5 Ke8 12. Nc3 Bb7 13. f3 Bc5+ 14. Kh1 Ke7 15. Nd3 Bb6 16. Bg5 h6 17. Bh4 g5 18. Bf2 Rad8 19. b4 Ke6 20. Rad1 h5 21. Rd2 h4 22. h3 Nh5 23. Rfd1 Ke7 24. Bc5+ Bxc5 25. Nxc5 Bc8 26. Nd5+ Kf8 27. Nxc7 Rxd2 28. Rxd2 Kg7 29. Kg1 Nf4 30. Kf2 f5 31. e5 Kf7 32. Rd6 g4 33. fxg4 Ng6 34. e6+ Ke7 35. Rd4 fxg4 36. Nd5+ Ke8 37. Rxg4 Rf8+ 38. Kg1 Ne5 39. Rg7 Nc4 40. Nc7+ Kd8 41. e7+ 1-0

[Event "FIDE WCC Blitz Women 2019"]
[Site "Moscow"]
[Date "2019.12.29"]
[Round "2.22"]
[White "Shafigullina, Zarina"]
[Black "Bulmaga, Irina"]
[Result "0-1"]
[WhiteElo "2052"]
[BlackElo "2308"]
[Annotator "NA"]
[PlyCount "100"]
[EventDate "2019.12.29"]
[EventType "swiss"]
[EventCountry "RUS"]
[SourceTitle "playchess.com"]
[Source "ChessBase"]
[SourceQuality "1"]

1. Nf3 Nf6 2. g3 b6 3. Bg2 Bb7 4. O-O e6 5. c4 Be7 6. Nc3 O-O 7. d4 Ne4 8. Bd2 Nxd2 9. Qxd2 d6 10. e4 Nd7 11. Rfe1 c5 12. d5 e5 13. h3 g6 14. Nh2 Bf6 15. Nf1 Bg7 16. a3 f5 17. f3 Nf6 18. Qd3 Bc8 19. Kh2 fxe4 20. fxe4 Nh5 21. Qe3 Bd7 22. Ne2 Bf6 23. h4 Bg7 24. Nd2 Bg4 25. Rf1 Qd7 26. Nf3 h6 27. Neg1 Rf7 28. Bh3 Nf6 29. Kg2 Raf8 30. Qe2 Nh5 31. Qe3 Kh7 32. Bxg4 Qxg4 33. Nh2 Qd7 34. Nh3 a6 35. Rxf7 Rxf7 36. Rf1 b5 37. g4 Nf4+ 38. Nxf4 exf4 39. Rxf4 Rxf4 40. Qxf4 Bxb2 41. cxb5 axb5 42. Qf3 c4 43. Nf1 Be5 44. Ne3 Kg7 45. Nc2 Qa7 46. Nb4 Qa4 47. Nc6 Qc2+ 48. Qf2 Qxf2+ 49. Kxf2 Bb2 50. Na7 c3 0-1

[Event "FIDE WCC Blitz Women 2019"]
[Site "Moscow"]
[Date "2019.12.29"]
[Round "2.23"]
[White "Mammadova, Gulnar"]
[Black "Bykova, Anastasia"]
[Result "1-0"]
[WhiteElo "2293"]
[BlackElo "2107"]
[Annotator "NA"]
[PlyCount "87"]
[EventDate "2019.12.29"]
[EventType "swiss"]
[EventCountry "RUS"]
[SourceTitle "playchess.com"]
[Source "ChessBase"]
[SourceQuality "1"]

1. e4 c6 2. d4 d5 3. e5 c5 4. dxc5 Nc6 5. Bg5 Qa5+ 6. c3 Qxc5 7. Nf3 e6 8. Bd3 Qb6 9. Qe2 Nge7 10. O-O Ng6 11. b4 Bd7 12. a4 a5 13. b5 Na7 14. Nbd2 h6 15. Be3 Bc5 16. Bxc5 Qxc5 17. Bxg6 fxg6 18. Qd3 O-O 19. Nb3 Qc7 20. Rac1 Rf5 21. c4 Qb6 22. cxd5 exd5 23. Nbd4 Rf4 24. Rfe1 Raf8 25. e6 Be8 26. g3 R4f6 27. Re2 g5 28. Ne5 Qd6 29. Rce1 Nc8 30. Ng4 Ne7 31. Nxf6+ Rxf6 32. Qe3 b6 33. Qe5 Qb4 34. Nc6 Nxc6 35. bxc6 Bxc6 36. e7 Be8 37. Qxd5+ Kh8 38. Qe4 Qc5 39. Qa8 Qc6 40. Qxc6 Rxc6 41. Rd2 Kg8 42. Re3 Rc4 43. Rf3 Re4 44. Rf8+ 1-0

[Event "FIDE WCC Blitz Women 2019"]
[Site "Moscow"]
[Date "2019.12.29"]
[Round "2.24"]
[White "Bulatova, Kamaliya"]
[Black "Voit, Daria"]
[Result "0-1"]
[WhiteElo "2038"]
[BlackElo "2293"]
[Annotator "NA"]
[PlyCount "44"]
[EventDate "2019.12.29"]
[EventType "swiss"]
[EventCountry "RUS"]
[SourceTitle "playchess.com"]
[Source "ChessBase"]
[SourceQuality "1"]

1. Nf3 Nf6 2. b3 g6 3. Bb2 Bg7 4. g3 b6 5. Bg2 Bb7 6. O-O O-O 7. c4 c5 8. d3 d5 9. cxd5 Bxd5 10. Nc3 Bb7 11. Qc2 Nc6 12. Rad1 Rc8 13. Bh3 e6 14. e4 Nd4 15. Nxd4 cxd4 16. Qd2 dxc3 17. Bxc3 Nxe4 18. dxe4 Bxc3 19. Qe2 Qe7 20. f4 Rfd8 21. f5 exf5 22. Rxd8+ Rxd8 0-1

[Event "FIDE WCC Blitz Women 2019"]
[Site "Moscow"]
[Date "2019.12.29"]
[Round "2.25"]
[White "Kashlinskaya, Alina"]
[Black "Nazarova, Anastasia"]
[Result "0-1"]
[WhiteElo "2282"]
[BlackElo "2049"]
[Annotator "NA"]
[PlyCount "108"]
[EventDate "2019.12.29"]
[EventType "swiss"]
[EventCountry "RUS"]
[SourceTitle "playchess.com"]
[Source "ChessBase"]
[SourceQuality "1"]

1. d4 d5 2. c4 e6 3. Nc3 Nf6 4. cxd5 exd5 5. Bg5 Be7 6. e3 c6 7. Bd3 Nbd7 8. Qc2 Nh5 9. Bxe7 Qxe7 10. O-O-O g6 11. h3 Nb6 12. Nf3 Ng7 13. g4 Be6 14. Kb1 O-O-O 15. Rc1 Kb8 16. Na4 h5 17. Nxb6 axb6 18. Ne5 hxg4 19. hxg4 Qd6 20. Qc3 Qc7 21. f4 Bc8 22. Qa3 Ne6 23. Bb5 c5 24. Be2 Rxh1 25. Rxh1 cxd4 26. Rc1 Qd6 27. Qxd6+ Rxd6 28. Nxf7 Rc6 29. Rxc6 bxc6 30. Ne5 dxe3 31. Nxg6 Nd4 32. Bd1 e2 33. Bxe2 Nxe2 34. f5 Nd4 35. Ne7 Kc7 36. Kc1 Bd7 37. Kd2 Kd6 38. Ng6 Nf3+ 39. Ke3 Ne5 40. Kf4 Nxg6+ 41. fxg6 Be6 42. Kg5 d4 43. Kf4 c5 44. a3 b5 45. Ke4 Bd5+ 46. Kf4 d3 47. Ke3 c4 48. b3 Ke5 49. a4 cxb3 50. Kxd3 bxa4 51. Kc3 Kf6 52. Kb2 Kxg6 53. Ka3 Kg5 54. Kxa4 b2 0-1